La fille de trente ans (Record no. 165054)

MARC details
000 -LEADER
campo de control de longitud fija 00763nam a22001815i 4500
001 - NÚMERO DE CONTROL
campo de control 165054
003 - IDENTIFICADOR DE NÚMERO DE CONTROL
campo de control ES-MaACL
005 - FECHA Y HORA DE LA ÚLTIMA TRANSACCIÓN
campo de control 20230906213046.0
008 - DATOS DE LONGITUD FIJA--INFORMACIÓN GENERAL
campo de control de longitud fija 050905s1860 fr | |||||||| ||fre d
040 ## - FUENTE DE CATALOGACIÓN
Centro catalogador/agencia de origen CAM
Lengua de catalogación spa
Centro/agencia transcriptor CAM
100 1# - ENTRADA PRINCIPAL--NOMBRE DE PERSONA
Nombre de persona Scribe, Eugène.
9 (RLIN) 104966
245 13 - MENCIÓN DEL TÍTULO
Título La fille de trente ans
Resto del título : comédie en quatre actes, en prose /
Mención de responsabilidad, etc. par Eug. Scribe et Em. de Najac.
260 ## - PUBLICACIÓN, DISTRIBUCIÓN, ETC.
Lugar de publicación, distribución, etc. Paris :
Nombre del editor, distribuidor, etc. Michel Lévy Frères, libraires-éditeurs,
Fecha de publicación, distribución, etc. 1860 (
Lugar de fabricación/manufactura Lagny :
Fabricante typographie de A. Varigault et C.)
300 ## - DESCRIPCIÓN FÍSICA
Extensión 89 p. ;
Dimensiones 19 cm.
500 ## - NOTA GENERAL
Nota general Représentée pour la première fois à Paris sur le théâtre du Vaudeville, le 15 dècembre 1859.
700 1# - ENTRADA AGREGADA--NOMBRE PERSONAL
Nombre de persona Najac, Émile de.
9 (RLIN) 130384
852 ## - LOCALIZACIÓN
Ubicación ES-MaACL
Número de control de estantería F-8809(3)
Nota libre -- Enc. hol.
-- -- Enc. en un vol. facticio
Holdings
Estatus retirado Estado de pérdida Estado de daño No para préstamo Colección Biblioteca de origen Biblioteca actual Ubicación en estantería Fecha de adquisición Total de préstamos Signatura topográfica completa Código de barras Visto por última vez Precio de reemplazo Tipo de ítem Koha
        Libros del s. XIX Biblioteca del Ateneo de Madrid Biblioteca del Ateneo de Madrid Sala Pecera Planta 2 17/01/2008   F-8809(3) 1173036 23/02/2023 23/02/2023 Libro impreso antiguo